Evaluación de resultados : el nuevo desafío para profesionales de recursos humanos /

Contenido: 1. Las capacidades centrales: Una nueva función para los recursos humanos; La competencia central de la corporación; Competir con las capacidades: las nuevas reglas de la estrategia corporativa; 2. Crear claridad estratégica: llegar a ser socio estratégico: ¿Qué es la estrategia?; El pape...

Ful tanımlama

Kaydedildi:
Detaylı Bibliyografya
Yazar: Ulrich, Dave (comp.)
Materyal Türü: Kitap
Dil:İspanyolca
Baskı/Yayın Bilgisi: Barcelona, España : Granica, 2000, c2000
Seri Bilgileri:(Management)
Konular:
Etiketler: Etiketle
Etiket eklenmemiş, İlk siz ekleyin!

MARC

LEADER 00000nam^a2200000^a^4500
001 000166359
005 20250521000000.0
009 20260310101049.585
020 |a 84-7577-790-2 
037 |a Acervo ITESO - Biblioteca 
041 |a ESP 
082 |a 658. 3  |b ULR 
100 |a Ulrich, Dave  |e (comp.) 
245 1 0 |a Evaluación de resultados :  |b el nuevo desafío para profesionales de recursos humanos /  |c Comp. e introd. de D. Ulrich ; tr. por Marcelo Pérez Rivas. 
264 4 |a Barcelona, España :  |b Granica,  |c 2000, c2000 
300 |a 517 p. 
336 |a texto  |b txt  |2 rdacontenido 
337 |a sin mediación  |b n  |2 rdamedio 
338 |a volumen  |b nc  |2 rdasoporte 
440 1 |a (Management) 
520 |a Contenido: 1. Las capacidades centrales: Una nueva función para los recursos humanos; La competencia central de la corporación; Competir con las capacidades: las nuevas reglas de la estrategia corporativa; 2. Crear claridad estratégica: llegar a ser socio estratégico: ¿Qué es la estrategia?; El papel cambiante de los managers de más alto nivel: desde la estrategia hacia el propósito; Construir la visión de su compañía; 3. Inspirando la revitalización: cómo ser un agente de cambio: Cambiar la forma como cambiamos; Romper la mentalidad funcional en las organizaciones orientadas a los procesos; Arregle el proceso, no el problema; Buena comunicación que obstaculiza el aprendizaje; La cadena empleado-cliente-ganancia en Sears; 4. Crear capital intelectual: convertirse en paladín del empleado: Administrar el capital intelectual: hacer lo mejor con lo mejor; Hacia una fuerza de trabajo flexible; Abrir los libros; Poner a trabajar todo el cerebro de la compañía. 
649 |a XX 
650 |a Competencias (Educación) 
650 |a Evaluación del Desempeño 
650 |a Motivación Laboral 
650 |a Comunicación Organizacional 
650 |a Cambio Organizacional 
650 |a Exito Administrativo 
650 |a Planeación Estratégica 
650 |a Administración Participativa 
650 |a Recursos Humanos -  |x Dirección 
650 |a Proceso Administrativo -  |x Dirección 
650 |a Administración 
650 |a Ciencias Administrativas 
910 |a Fondo General 
920 |a Impresos - Libros 
930 |a Colección General 
905 |a 101 
901 |a 0500101499  |b IT1  |c ACC  |u 20250521 
901 |a 0500101496  |b IT1  |c ACC  |u 20250521 
901 |a 0500101520  |b IT1  |c ACC  |u 20250521 
901 |a 0500101523  |b IT1  |c ACC  |u 20250521 
902 |a https://opac.biblio.iteso.mx/vufind/Record/000166359